Préfectures de France : Bourg-en-Bresse - Statistiques

Statistiques générales
  • Ce quiz a été pris 117 fois
  • Le résultat moyen est 15 sur 40
Statistiques - réponses
Question Réponse % Correct
De quel département est-ce la préfecture ? Ain
100%
Quel numéro porte celui-ci ? 01
98%
La ville appartient à l'académie de Lyon
97%
L'aéroport le plus proche est celui de Lyon
97%
A quelle région administrative appartient la ville depuis 2015 ? Auvergne-Rhône-Alpes
78%
Comment se nomment ses habitants ? Burgien | Burgienne
73%
A quelle région administrative appartenait-elle auparavant ? Rhône-Alpes
71%
Les communes limitrophes sont Péronnas
66%
Les communes limitrophes sont Viriat
66%
Célèbre cuisinier de la région Georges {Blanc}
64%
Production agricole AOC Poulet de Bresse
63%
Les communes limitrophes sont Saint-Denis-lès-Bourg
55%
La ville est située à l'ouest du massif du Jura
52%
Quelles sont les sous-préfectures qui en dépendent ? Belley
47%
et dans la plaine de Bresse
42%
Quelles sont les sous-préfectures qui en dépendent ? Nantua
42%
La ville est desservie par les autoroutes A40
39%
Quelles sont les sous-préfectures qui en dépendent ? Gex
39%
Les couleurs de fond de son blason sont le/l' vert
36%
Les couleurs de fond de son blason sont le/l' noir
34%
Les communes limitrophes sont Saint-Just
34%
Les communes limitrophes sont Montagnat
33%
Elle a fait construire le monastère royal de Brou à Bourg Marguerite d'Autriche
31%
La ville est desservie par les autoroutes A39
28%
Ville européenne jumelée avec la ville (7 possibles) Aylesbury | Bad Kreuznach | Cordoue | Brzeg | Namur | Parme | San Severo
28%
Les communes limitrophes sont Jasseron
28%
En 1266, la ville devient propriété de la maison de Savoie
22%
La ville est desservie par le TGV qui va de {Paris} à {Genève}
16%
Production agricole AOC Beurre
12%
La ville appartient au diocèse de Belley-Ars
11%
Son service de bicyclettes en libre service se nomme Rubis Vélo
11%
La gare a été mise en service en 1856
6%
Ordres religieux présents autrefois dans la ville Dominicains
6%
Plat typique Fondue
4%
Ville du reste du monde jumelée avec la ville (2 possibles) Le Kef | Meknès
4%
Ordres religieux présents autrefois dans la ville Augustins
3%
Ordres religieux présents autrefois dans la ville Capucins
2%
Ordres religieux présents autrefois dans la ville Cordeliers
2%
Ordres religieux présents autrefois dans la ville Missionnaires de St {Lazare}
2%
Production agricole AOC Crème fraiche
1%
Aucun quiz correspondant
Distribution des résultats
% des personnes avec chaque résultat
Percentile par nombre de réponses
Votre historique - résultats
Vous n’avez pas pris ce quiz